Estimación sobre el consumo total de alimento por los cetáceos en los océanos del mundo (Registro nro. 3620)

Detalles MARC
000 -CABECERA
Campo de control 00513nam a2200181 a 4500
005 - FECHA Y HORA DE LA ULTIMA TRANSACCION
Campo de control 20160109035145.0
008 - ELEMENTOS DE LONGITUD FIJA—INFORMACION GENERAL
Campo de control 140312b1999 ja ||||| |||| 00| 0 spa d
040 ## - FUENTE DE CATALOGACIÓN
Agencia catalogadora original CO-BoIAVH
Agencia transcriptora CO-BoIAVH
041 ## - IDIOMA
Código de idioma para texto/pista de sonido o título separado Español
090 ## - CLASIFICACIÓN LOCAL
Colección LB
Consecutivo 03393
100 ## - ASIENTO PRINCIPAL--NOMBRE PERSONAL
Nombre personal Tamura, Tsutomu
9 (RLIN) 20508
245 ## - MENCION DE TITULO
Título Estimación sobre el consumo total de alimento por los cetáceos en los océanos del mundo
260 ## - PUBLICACION, DISTRIBUCION, ETC. (PIE DE IMPRENTA)
Lugar de publicación, distribución, etc. Tokyo
Nombre del editor, distribuidor, etc. ICR
Fecha de publicación, distribución, etc. 1999
300 ## - DESCRIPCION FISICA
Extensión 16 p.
700 ## - ASIENTO SECUNDARIO - NOMBRE PERSONAL
Nombre personal Ohsumi, Seiji
9 (RLIN) 20509
942 ## - ELEMENTOS ADICIONALES (KOHA)
Tipo de ítem Impreso
Sistema de clasificación Local
945 ## - PROCESAMIENTO LOCAL
AAAA-MM-DD - Fecha de ingreso o modificacion 2004-01-28
Existencias
Withdrawn status Lost status Sistema de Clasificación Damaged status No para préstamo Colección Inventariado Ubicación Permanente Ubicación actual Fecha de adquisición Valor Total Checkouts Número topográfico Inventario / Código de Barras Date last seen Ejemplar Price effective from Forma de adquisición Tipo de material
    Dewey Decimal Classification     General Inventariado 2017 Bogotá Bogotá 28/01/2004 39000.00   LB-639.9795 T15e 015319 04/12/2012 Ej. 1 04/12/2012   Libro